[Event "WCC 2005"]
[Site "0:00.25-0:09.40"]
[Date "2005.11.28"]
[Round "12"]
[White "Li, Shilong"]
[Black "Vallejo Pons, Francisco"]
[Result "0-1"]
[WhiteElo "2510"]
[WhiteCountry "CHN"]
[BlackElo "2674"]
[BlackCountry "ESP"]
[Remark "WCC 2005 Match 019"]
[PresId "1000120019"]

1. e4 c5 2. c4 Nc6 3. Nc3 g6 4. g3 Bg7 5. Bg2 d6 6. d3 Nf6 7. Nge2 O-O
8. O-O Ne8 9. Be3 Nd4 10. Rb1 Bg4 11. f3 Bd7 12. b4 b6 13. Qd2 Rc8 14.
f4 Nc7 15. Bf2 Kh8 16. Nd5 Nxe2+ 17. Qxe2 Ne6 18. Qd2 Nd4 19. Kh1 Kg8
20. Bg1 e6 21. Nc3 a6 22. Ne2 b5 23. bxc5 dxc5 24. Nxd4 cxd4 25. e5
bxc4 26. dxc4 Rxc4 27. Rfc1 Ra4 28. Bxd4 Bb5 29. Rb4 Qa5 30. Bc3 Rc8
31. Rd4 Qb6 32. Rxa4 Bxa4 33. Qb2 Qd8 34. Be1 Bf8 35. Rxc8 Qxc8 36.
Qc3 Qd7 37. Bf3 Qb5 38. Kg2 Qb1 39. Qd2 Bb5 40. g4 h6 41. Bf2 Be7 42.
h4 a5 43. Kg3 a4 44. Qa5 Qxa2 45. Qa7 Bf8 46. g5 hxg5 47. hxg5 Qc4 48.
Qa8 a3 49. Bb6 a2 50. Bd8 Qa4 51. Qb8 a1Q 0-1
*

[Event "WCC 2005"]
[Site "0:22.02-0:01.09"]
[Date "2005.11.28"]
[Round "12"]
[White "Sasikiran, Krishnan"]
[Black "Iljushin, Alexei"]
[Result "1-0"]
[WhiteElo "2663"]
[WhiteCountry "IND"]
[BlackElo "2546"]
[BlackCountry "RUS"]
[Remark "WCC 2005 Match 026"]
[PresId "1000120026"]

1. d4 e6 2. c4 f5 3. g3 Nf6 4. Bg2 d5 5. Nf3 c6 6. Bf4 Be7 7. Qc2 O-O
8. Nbd2 Nbd7 9. h4 Ne4 10. Rb1 h6 11. Rc1 a5 12. h5 Bf6 13. e3 a4 14.
Nh4 Nb6 15. Bxe4 fxe4 16. Ng6 Re8 17. f3 exf3 18. c5 Nd7 19. Nxf3 b6
20. cxb6 Nxb6 21. O-O Ba6 22. Rf2 Bb5 23. Nfe5 Nc4 24. Ng4 Bg5 25.
N6e5 Nxe5 26. Nxe5 Qf6 27. Kh2 Rac8 28. Bxg5 Qxg5 29. Qg6 Qxg6 30.
hxg6 Re7 31. Rcc2 Rf8 32. g4 Rf6 33. Kg3 Rc7 34. Rf4 Kf8 35. Kh4 Ke7
36. g5 hxg5+ 37. Kxg5 Rc8 38. Rh2 Rxf4 39. exf4 c5 40. dxc5 d4 41. Rh7
Rg8 42. Nf7 d3 43. Nh6 d2 44. Nxg8+ Kd7 45. Rh1 Be2 46. Nf6+ Kc6 47.
Ne8 e5 48. fxe5 d1Q 49. Rxd1 Bxd1 50. Nxg7 Kd5 1-0
*